Proceedings, ... annual meeting of the American Wood Protection Association.

Bibliographic Details
Previous Title:American Wood-Preservers' Association. Meeting. Proceedings
Corporate Author: American Wood Protection Association. Meeting
Format: Serial
Language:English
Published: Birmingham, Ala. : American Wood Protection Association, [2007-]
Subjects:
Online Availability: Check for online availability

MARC

Tag First Indicator Second Indicator Subfields
LEADER 00000cas a2200000 a 4500
001 in00002371649
005 20151109043017.0
008 080318c20079999aluar 1 0eng d
010 |a  2008227555 
022 |y 0066-1198 
035 |a (OCoLC)ocn213836358 
035 |a (OCoLC)213836358 
040 |a MNU  |c MNU  |d EEM  |d TXA  |d UtOrBLW 
042 |a lcd 
049 |a TXAM 
050 1 4 |a TA424  |b .A5 
110 2 |a American Wood Protection Association.  |b Meeting. 
245 1 0 |a Proceedings, ... annual meeting of the American Wood Protection Association. 
246 3 0 |a Anual meeting of the American Wood Protection Association 
246 3 0 |a Proceedings 
246 1 3 |a AWPA proceedings 
246 1 3 |a AWPA member directory 
264 1 |a Birmingham, Ala. :  |b American Wood Protection Association,  |c [2007-] 
264 4 |c ©2007- 
310 |a Annual 
336 |a text  |b txt  |2 rdacontent 
337 |a unmediated  |b n  |2 rdamedia 
338 |a volume  |b nc  |2 rdacarrier 
362 1 |a Began with: 103rd (May 6-8, 2007) = v. 103. 
500 |a Includes member listing. 
610 2 0 |a American Wood Protection Association  |v Congresses. 
650 0 |a Wood  |x Preservation  |v Congresses. 
780 0 0 |a American Wood-Preservers' Association. Meeting.  |t Proceedings  |x 0066-1198  |w (DLC)sn 83007199  |w (OCoLC)7790813 
994 |a C0  |b TXA 
948 |a cataloged  |b h  |c 2008/4/16  |d c  |e coplinger  |f 7:41:18 am 
999 |a MARS 
999 f f |s 01a288ff-eb9b-380b-817f-77bb364ce4e4  |i a87d3ca2-078c-3c9c-8f1e-60be7a593608  |t 0 
952 f f |p ric  |a Texas A&M University  |b Rellis Campus  |c Joint Library Facility  |d Remote Storage  |t 0  |e TA424 .A5  |h Library of Congress classification  |i unmediated -- volume  |k 105th  |l 2009  |m A14839132718 
952 f f |p ric  |a Texas A&M University  |b Rellis Campus  |c Joint Library Facility  |d Remote Storage  |t 0  |e TA424 .A5  |h Library of Congress classification  |i unmediated -- volume  |k 106th  |l 2010  |m A14839681783 
952 f f |p ric  |a Texas A&M University  |b Rellis Campus  |c Joint Library Facility  |d Remote Storage  |t 0  |e TA424 .A5  |h Library of Congress classification  |i unmediated -- volume  |k 109th  |l 2013  |m A14842275381 
952 f f |p ric  |a Texas A&M University  |b Rellis Campus  |c Joint Library Facility  |d Remote Storage  |t 0  |e TA424 .A5  |h Library of Congress classification  |i unmediated -- volume  |k 112th  |l 2016  |m A14850065492 
952 f f |p ric  |a Texas A&M University  |b Rellis Campus  |c Joint Library Facility  |d Remote Storage  |t 0  |e TA424 .A5  |h Library of Congress classification  |i unmediated -- volume  |k 113th  |l 2017  |m A14850443988 
952 f f |p ric  |a Texas A&M University  |b Rellis Campus  |c Joint Library Facility  |d Remote Storage  |t 0  |e TA424 .A5  |h Library of Congress classification  |i unmediated -- volume  |k 103rd  |l 2007  |m A14837155948 
952 f f |p ric  |a Texas A&M University  |b Rellis Campus  |c Joint Library Facility  |d Remote Storage  |t 0  |e TA424 .A5  |h Library of Congress classification  |i unmediated -- volume  |k 110th  |l 2014  |m A14842277494 
952 f f |p ric  |a Texas A&M University  |b Rellis Campus  |c Joint Library Facility  |d Remote Storage  |t 0  |e TA424 .A5  |h Library of Congress classification  |i unmediated -- volume  |k 104th  |l 2008  |m A14837476629 
952 f f |p ric  |a Texas A&M University  |b Rellis Campus  |c Joint Library Facility  |d Remote Storage  |t 0  |e TA424 .A5  |h Library of Congress classification  |i unmediated -- volume  |k 111th  |l 2015  |m A14843698151 
952 f f |p ric  |a Texas A&M University  |b Rellis Campus  |c Joint Library Facility  |d Remote Storage  |t 0  |e TA424 .A5  |h Library of Congress classification  |i unmediated -- volume  |k 108th  |l 2012  |m A14842275266 
952 f f |p ric  |a Texas A&M University  |b Rellis Campus  |c Joint Library Facility  |d Remote Storage  |t 0  |e TA424 .A5  |h Library of Congress classification  |i unmediated -- volume  |k 107th  |l 2011  |m A14841354562 
998 f f |a TA424 .A5  |s 103rd-113th (2007-2017)=v.103-113  |t 0  |l Remote Storage